[Event "WC-2016-S-00004"]
[Site "LSS email"]
[Date "2016.07.28"]
[Round "?"]
[White "Pascual Perez, Norge"]
[Black "Zasinets, Dima"]
[Result "1/2-1/2"]
[WhiteElo "2436"]
[BlackElo "2261"]
[PlyCount "84"]
[EventDate "2016.08.03"]
[EventType "tourn (corr)"]
[EventRounds "12"]
[EventCountry "GER"]
[SourceTitle "Corr 2022"]
[Source "ChessBase"]
[SourceDate "2021.10.24"]
[SourceVersion "1"]
[SourceVersionDate "2021.10.24"]
[SourceQuality "1"]

1. e4 e5 2. Nf3 Nc6 3. Bb5 a6 4. Ba4 Nf6 5. 0-0 Be7 6. d3 b5 7. Bb3 d6 8. a4 Bd7 9. c3 0-0 10. Bc2 b4 11. Nbd2 Rb8 12. Re1 d5 13. a5 h6 14. Ba4 dxe4 15. Nxe4 bxc3 16. bxc3 Bd6 17. Nfd2 Re8 18. h3 Nxe4 19. Nxe4 Re6 20. Nxd6 Rxd6 21. Re3 Rg6 22. Kh2 Qf6 23. Qf3 Rd8 24. Bc2 Rb8 25. d4 exd4 26. Bxg6 dxe3 27. Qxf6 gxf6 28. Bd3 exf2 29. Bxh6 Bc8 30. Ra2 Ne5 31. Bf1 Kh7 32. Bf4 Rb1 33. Rxf2 Kg7 34. Bg3 Rc1 35. c4 Kg6 36. Be2 Be6 37. Bh4 f5 38. Bd8 c5 39. Be7 Nxc4 40. Bxc5 Nxa5 41. Be3 Rc6 42. Rf3 Nb3 1/2-1/2

[Event "WC-2016-S-00004"]
[Site "LSS email"]
[Date "2016.07.28"]
[Round "?"]
[White "Pijl, Richard"]
[Black "Zasinets, Dima"]
[Result "1/2-1/2"]
[WhiteElo "2408"]
[BlackElo "2261"]
[PlyCount "62"]
[EventDate "2016.08.03"]
[EventType "tourn (corr)"]
[EventRounds "12"]
[EventCountry "GER"]
[SourceTitle "Corr 2022"]
[Source "ChessBase"]
[SourceDate "2021.10.24"]
[SourceVersion "1"]
[SourceVersionDate "2021.10.24"]
[SourceQuality "1"]

1. e4 e5 2. Nf3 Nc6 3. Bb5 a6 4. Ba4 Nf6 5. 0-0 Be7 6. Re1 b5 7. Bb3 d6 8. c3 0-0 9. h3 Na5 10. Bc2 c5 11. d4 Qc7 12. Nbd2 cxd4 13. cxd4 Nc6 14. Nb3 a5 15. Be3 a4 16. Nbd2 Bd7 17. Rc1 Rfc8 18. Bd3 Qb7 19. Qe2 Bf8 20. a3 g6 21. d5 Na5 22. Nh2 Be7 23. Ng4 Nxg4 24. hxg4 f6 25. g3 Rxc1 26. Rxc1 Bd8 27. Kg2 Rb8 28. f4 Nc4 29. Bxc4 bxc4 30. Nxc4 Qa6 31. fxe5 dxe5 1/2-1/2

[Event "WC-2016-S-00004"]
[Site "LSS email"]
[Date "2016.07.28"]
[Round "?"]
[White "Zasinets, Dima"]
[Black "Pascual Perez, Norge"]
[Result "1/2-1/2"]
[WhiteElo "2261"]
[BlackElo "2436"]
[PlyCount "86"]
[EventDate "2016.08.03"]
[EventType "tourn (corr)"]
[EventRounds "12"]
[EventCountry "GER"]
[SourceTitle "Corr 2022"]
[Source "ChessBase"]
[SourceDate "2021.10.24"]
[SourceVersion "1"]
[SourceVersionDate "2021.10.24"]
[SourceQuality "1"]

1. e4 c5 2. Nf3 d6 3. d4 cxd4 4. Nxd4 Nf6 5. Nc3 a6 6. Nb3 e6 7. g4 b5 8. Bg2 Bb7 9. g5 Nfd7 10. Be3 b4 11. Ne2 Ne5 12. Nd2 Ng4 13. Bf4 Nd7 14. Nc4 Nde5 15. Nxe5 Nxe5 16. 0-0 Ng6 17. Bg3 Qxg5 18. a3 Be7 19. axb4 0-0 20. f4 Qb5 21. c3 Bf6 22. f5 exf5 23. Rxf5 Be5 24. Nd4 Qb6 25. Rf2 a5 26. b5 h6 27. Qd3 Bxg3 28. Qxg3 Rae8 29. Nf5 Re5 30. Rd1 Bxe4 31. Rxd6 Qc5 32. Bxe4 Rxe4 33. Rxg6 fxg6 34. Qxg6 Re1+ 35. Kg2 Qd5+ 36. Rf3 Qd2+ 37. Rf2 Qg5+ 38. Qxg5 hxg5 39. b3 Ra8 40. c4 Rd8 41. b6 Rb8 42. c5 Re5 43. Rc2 Rxf5 1/2-1/2

[Event "SA-2016-0-00523"]
[Site "LSS email"]
[Date "2016.07.05"]
[Round "?"]
[White "Koch, Christian"]
[Black "Zasinets, Dima"]
[Result "1/2-1/2"]
[WhiteElo "2303"]
[BlackElo "2258"]
[PlyCount "54"]
[EventDate "2016.05.23"]
[EventType "tourn (corr)"]
[EventRounds "6"]
[EventCountry "GER"]
[SourceTitle "Corr 2022"]
[Source "ChessBase"]
[SourceDate "2021.10.24"]
[SourceVersion "1"]
[SourceVersionDate "2021.10.24"]
[SourceQuality "1"]

1. e4 e5 2. Nf3 Nc6 3. Bb5 a6 4. Ba4 Nf6 5. 0-0 Be7 6. Re1 b5 7. Bb3 d6 8. c3 0-0 9. h3 Re8 10. d4 Bb7 11. Nbd2 Bf8 12. a4 h6 13. Bc2 exd4 14. cxd4 Nb4 15. Bb1 c5 16. d5 Nd7 17. Ra3 Nb6 18. axb5 axb5 19. Nh2 Qe7 20. Rxa8 Rxa8 21. b3 g6 22. Ndf3 Bg7 23. Ng4 Kh7 24. Qd2 h5 25. Nh6 Ra1 26. Ng5+ Kxh6 27. Ne6+ Kh7 1/2-1/2

[Event "SA-2016-0-00523"]
[Site "LSS email"]
[Date "2016.07.03"]
[Round "?"]
[White "Bujdak, Pavel"]
[Black "Zasinets, Dima"]
[Result "1/2-1/2"]
[WhiteElo "2024"]
[BlackElo "2258"]
[PlyCount "60"]
[EventDate "2016.05.23"]
[EventType "tourn (corr)"]
[EventRounds "6"]
[EventCountry "GER"]
[SourceTitle "Corr 2022"]
[Source "ChessBase"]
[SourceDate "2021.10.24"]
[SourceVersion "1"]
[SourceVersionDate "2021.10.24"]
[SourceQuality "1"]

1. e4 e5 2. Nf3 Nc6 3. Bb5 a6 4. Ba4 Nf6 5. 0-0 Be7 6. Re1 b5 7. Bb3 d6 8. c3 0-0 9. h3 Re8 10. d4 Bb7 11. Nbd2 exd4 12. cxd4 Nd7 13. Nf1 Na5 14. Bc2 Bf6 15. N1h2 c5 16. Ng4 Bxd4 17. Nxd4 cxd4 18. Qxd4 Rc8 19. Qd1 Ne5 20. Ne3 Qf6 21. Bd2 Nac4 22. Bc3 b4 23. Bxb4 Nxb2 24. Qe2 Rxc2 25. Nxc2 Nbd3 26. Rad1 Nxe1 27. Nxe1 Nc6 28. Rxd6 Qh4 29. Bc5 Qxe4 30. Qxe4 Rxe4 1/2-1/2

[Event "ZH-2016-0-01459"]
[Site "LSS email"]
[Date "2016.04.22"]
[Round "?"]
[White "Misericordia, Antonio"]
[Black "Zasinets, Dima"]
[Result "1/2-1/2"]
[WhiteElo "2209"]
[BlackElo "2258"]
[PlyCount "68"]
[EventDate "2016.04.12"]
[EventType "match (corr)"]
[EventRounds "2"]
[EventCountry "GER"]
[SourceTitle "Corr 2022"]
[Source "ChessBase"]
[SourceDate "2021.10.24"]
[SourceVersion "1"]
[SourceVersionDate "2021.10.24"]
[SourceQuality "1"]

1. e4 e5 2. Nf3 Nc6 3. Bb5 a6 4. Bxc6 dxc6 5. 0-0 f6 6. d4 Bg4 7. c3 Bd6 8. h3 Bh5 9. Nbd2 Qe7 10. Nc4 0-0-0 11. Qe2 exd4 12. cxd4 Qe6 13. Nxd6+ Qxd6 14. Re1 Ne7 15. e5 Qd5 16. g4 Bg6 17. exf6 gxf6 18. Bh6 Rhe8 19. Qe6+ Qxe6 20. Rxe6 Ng8 21. Rxe8 Rxe8 22. Bd2 h5 23. Re1 hxg4 24. hxg4 Kd7 25. Rxe8 Bxe8 26. Nh4 Bf7 27. b3 Ne7 28. f3 b6 29. Ng2 a5 30. Nf4 Nc8 31. Kf2 Nd6 32. Be1 Bg8 33. Nh5 Ke7 34. Nf4 Kd7 1/2-1/2

[Event "ZH-2016-0-01459"]
[Site "LSS email"]
[Date "2016.04.22"]
[Round "?"]
[White "Zasinets, Dima"]
[Black "Misericordia, Antonio"]
[Result "1/2-1/2"]
[WhiteElo "2258"]
[BlackElo "2209"]
[PlyCount "61"]
[EventDate "2016.04.12"]
[EventType "match (corr)"]
[EventRounds "2"]
[EventCountry "GER"]
[SourceTitle "Corr 2022"]
[Source "ChessBase"]
[SourceDate "2021.10.24"]
[SourceVersion "1"]
[SourceVersionDate "2021.10.24"]
[SourceQuality "1"]

1. d4 Nf6 2. c4 e6 3. Nf3 b6 4. a3 Bb7 5. Nc3 d5 6. cxd5 Nxd5 7. Qc2 Nxc3 8. bxc3 Be7 9. e4 0-0 10. Bd3 c5 11. 0-0 h6 12. Qe2 Nc6 13. Bb2 Re8 14. Rad1 Qc7 15. e5 Bf8 16. Qe4 g6 17. Qg4 Rad8 18. h4 h5 19. Qf4 Ne7 20. Ng5 Nf5 21. g4 hxg4 22. Qxg4 cxd4 23. cxd4 Be7 24. h5 Bxg5 25. Qxg5 Qe7 26. Qxe7 Rxe7 27. Bxf5 gxf5 28. Rc1 Kh7 29. f3 Rd5 30. Rf2 Red7 31. Kg2 1/2-1/2

[Event "WC-2015-S-00003"]
[Site "LSS email"]
[Date "2015.06.02"]
[Round "?"]
[White "Sidenko, Anatoly"]
[Black "Zasinets, Dima"]
[Result "1/2-1/2"]
[WhiteElo "2427"]
[BlackElo "2246"]
[PlyCount "72"]
[EventDate "2015.06.10"]
[EventType "tourn (corr)"]
[EventRounds "12"]
[EventCountry "GER"]
[SourceTitle "Corr 2022"]
[Source "ChessBase"]
[SourceDate "2021.10.24"]
[SourceVersion "1"]
[SourceVersionDate "2021.10.24"]
[SourceQuality "1"]

1. d4 d5 2. c4 c6 3. Nf3 Nf6 4. Nc3 a6 5. c5 Nbd7 6. Bf4 Nh5 7. Bd2 Nhf6 8. Rc1 g6 9. h3 Qc7 10. g3 Bg7 11. Bf4 Qd8 12. Bg2 0-0 13. 0-0 Ne4 14. Re1 a5 15. Qc2 f5 16. h4 e6 17. Qd1 h6 18. Rc2 a4 19. a3 Qe8 20. e3 e5 21. Bxe5 Bxe5 22. Nxe5 Nxe5 23. dxe5 Qxe5 24. Qd4 Qxd4 25. exd4 Bd7 26. Ne2 g5 27. f3 Nf6 28. hxg5 hxg5 29. Kf2 Rfe8 30. Rh1 Kg7 31. Nc1 Rh8 32. Rxh8 Rxh8 33. Re2 g4 34. Nd3 gxf3 35. Bxf3 Ne4+ 36. Kg2 Be8 1/2-1/2

[Event "WC-2015-S-00003"]
[Site "LSS email"]
[Date "2015.06.02"]
[Round "?"]
[White "Zasinets, Dima"]
[Black "Sidenko, Anatoly"]
[Result "1/2-1/2"]
[WhiteElo "2246"]
[BlackElo "2427"]
[PlyCount "65"]
[EventDate "2015.06.10"]
[EventType "tourn (corr)"]
[EventRounds "12"]
[EventCountry "GER"]
[SourceTitle "Corr 2022"]
[Source "ChessBase"]
[SourceDate "2021.10.24"]
[SourceVersion "1"]
[SourceVersionDate "2021.10.24"]
[SourceQuality "1"]

1. d4 Nf6 2. c4 e6 3. g3 d5 4. Bg2 Bb4+ 5. Bd2 Be7 6. Nf3 0-0 7. 0-0 c6 8. Qc2 b6 9. Rd1 Bb7 10. b3 dxc4 11. bxc4 c5 12. dxc5 Be4 13. Qc1 Bxc5 14. Nc3 Bc6 15. Bh6 Nfd7 16. Bg5 f6 17. Be3 Qe7 18. Bxc5 Nxc5 19. Qe3 Nba6 20. Nd4 Bxg2 21. Kxg2 Rad8 22. Ncb5 Nb8 23. Nb3 Nba6 24. f3 Qf7 25. Rd2 Rxd2 26. Qxd2 Na4 27. Rd1 N6c5 28. Qd6 Nb2 29. Rc1 Nba4 30. Rc2 Rc8 31. Rd2 h6 32. h4 Kh7 33. Qd4 1/2-1/2

[Event "CP-2014-P-00014"]
[Site "LSS email"]
[Date "2014.09.30"]
[Round "?"]
[White "Suwara, Kazimierz"]
[Black "Zasinets, Dima"]
[Result "1/2-1/2"]
[WhiteElo "1786"]
[BlackElo "2252"]
[PlyCount "100"]
[EventDate "2014.10.01"]
[EventType "tourn (corr)"]
[EventRounds "6"]
[EventCountry "GER"]
[SourceTitle "Corr 2022"]
[Source "ChessBase"]
[SourceDate "2021.10.24"]
[SourceVersion "1"]
[SourceVersionDate "2021.10.24"]
[SourceQuality "1"]

1. d4 Nf6 2. c4 e6 3. Nc3 Bb4 4. Qc2 0-0 5. e4 d5 6. e5 Ne4 7. Bd3 c5 8. dxc5 Nd7 9. Nf3 Ndxc5 10. 0-0 Bxc3 11. bxc3 Nxd3 12. Qxd3 b6 13. cxd5 Qxd5 14. Qxd5 exd5 15. Bb2 Be6 16. Rac1 Rfc8 17. Nd4 Rc4 18. f3 Nc5 19. Rfd1 Na4 20. Ba1 a6 21. Ne2 b5 22. h3 g5 23. Rd4 Rac8 24. Rxc4 dxc4 25. Rd1 Rc5 26. Nd4 Rd5 27. Kf2 h5 28. Re1 Nc5 29. Kf1 Bd7 30. Bb2 Nd3 31. Rb1 Rxe5 32. Ba3 Kg7 33. Bb4 Nxb4 34. Rxb4 Re3 35. Ne2 Kf6 36. Rb2 h4 37. Kf2 Rd3 38. a4 bxa4 39. Rb6+ Ke7 40. Rxa6 Kd8 41. Rb6 Kc7 42. Rb2 f5 43. Ke1 g4 44. hxg4 fxg4 45. fxg4 Rd6 46. Nd4 Rb6 47. Ra2 Rg6 48. Kf2 Rxg4 49. Ra1 Kd6 50. Rb1 Rg7 1/2-1/2

[Event "CP-2014-P-00014"]
[Site "LSS email"]
[Date "2014.09.30"]
[Round "?"]
[White "Zasinets, Dima"]
[Black "Goreczny, Grzegorz"]
[Result "0-1"]
[WhiteElo "2252"]
[BlackElo "1862"]
[PlyCount "84"]
[EventDate "2014.10.01"]
[EventType "tourn (corr)"]
[EventRounds "6"]
[EventCountry "GER"]
[SourceTitle "Corr 2022"]
[Source "ChessBase"]
[SourceDate "2021.10.24"]
[SourceVersion "1"]
[SourceVersionDate "2021.10.24"]
[SourceQuality "1"]

1. e4 e5 2. Nf3 Nc6 3. Bb5 Nf6 4. 0-0 Nxe4 5. d4 Nd6 6. Bxc6 dxc6 7. dxe5 Nf5 8. Qxd8+ Kxd8 9. h3 Be6 10. g4 Ne7 11. Ng5 h5 12. Nxe6+ fxe6 13. Nd2 Kd7 14. Ne4 Ng6 15. Rd1+ Ke8 16. Ng5 hxg4 17. Nxe6 Rc8 18. Bf4 Ke7 19. hxg4 Kxe6 20. Bg3 Bc5 21. b4 Bb6 22. a4 Rcd8 23. c3 Rxd1+ 24. Rxd1 Rf8 25. a5 Bxf2+ 26. Bxf2 a6 27. Bc5 Rf3 28. Rd8 Nxe5 29. Rb8 Rxc3 30. Rxb7 Rg3+ 31. Kf2 Rxg4 32. Rxc7 Kd5 33. Ra7 Re4 34. Kg3 Nd3 35. Bf8 Re3+ 36. Kh4 Re8 37. Be7 Ke6 38. Bc5 Nxc5 39. bxc5 Kd5 40. Rxa6 Kxc5 41. Kg3 Rb8 42. Ra7 Kb5 0-1

[Event "WC-2013-Q-00006"]
[Site "LSS email"]
[Date "2013.10.22"]
[Round "?"]
[White "Moormann, Joerg"]
[Black "Zasinets, Dima"]
[Result "1/2-1/2"]
[WhiteElo "2328"]
[BlackElo "2194"]
[PlyCount "85"]
[EventDate "2013.10.27"]
[EventType "tourn (corr)"]
[EventRounds "12"]
[EventCountry "GER"]
[SourceTitle "Corr 2022"]
[Source "ChessBase"]
[SourceDate "2021.10.24"]
[SourceVersion "1"]
[SourceVersionDate "2021.10.24"]
[SourceQuality "1"]

1. e4 c5 2. Nf3 d6 3. d4 cxd4 4. Nxd4 Nf6 5. Nc3 a6 6. Be3 e5 7. Nb3 Be6 8. f3 h5 9. Nd5 Bxd5 10. exd5 Nbd7 11. Be2 Qc7 12. Rc1 g6 13. Qd2 Bg7 14. 0-0 0-0 15. c4 b6 16. Na1 Rfe8 17. Nc2 Nc5 18. Kh1 h4 19. Nb4 h3 20. g4 e4 21. f4 Nd3 22. Nxd3 exd3 23. Bxd3 Qb7 24. Rf3 Nxg4 25. Bg1 b5 26. b3 bxc4 27. Bxc4 a5 28. Rxh3 Nh6 29. a4 Qd7 30. Rf3 Rec8 31. Bb6 Nf5 32. Re1 Rab8 33. Bf2 Rxc4 34. bxc4 Qxa4 35. Qd3 Rb2 36. c5 dxc5 37. Bxc5 Rc2 38. d6 Rxc5 39. d7 Bf6 40. d8Q+ Bxd8 41. Qxd8+ Kg7 42. Rh3 Qc6+ 43. Kg1 1/2-1/2

[Event "WC-2013-Q-00006"]
[Site "LSS email"]
[Date "2013.10.22"]
[Round "?"]
[White "Zasinets, Dima"]
[Black "Starke, Rene Reiner"]
[Result "1/2-1/2"]
[WhiteElo "2194"]
[BlackElo "2402"]
[PlyCount "50"]
[EventDate "2013.10.27"]
[EventType "tourn (corr)"]
[EventRounds "12"]
[EventCountry "GER"]
[SourceTitle "Corr 2022"]
[Source "ChessBase"]
[SourceDate "2021.10.24"]
[SourceVersion "1"]
[SourceVersionDate "2021.10.24"]
[SourceQuality "1"]

1. e4 c6 2. d4 d5 3. e5 Bf5 4. Nf3 e6 5. Be2 c5 6. Be3 cxd4 7. Nxd4 Ne7 8. Nd2 Nbc6 9. N2f3 Be4 10. 0-0 Ng6 11. Nxc6 bxc6 12. Nd2 Nxe5 13. Nxe4 dxe4 14. Qxd8+ Rxd8 15. Rfd1 Ra8 16. Rd4 f5 17. Ra4 Bd6 18. Rd1 Bc7 19. Ra6 Kf7 20. Bxa7 Kf6 21. a4 Rhd8 22. Rxd8 Rxd8 23. Kf1 Rd2 24. Ke1 Rxc2 25. Bd4 Rc1+ 1/2-1/2

[Event "CP-2010-S-00002"]
[Site "LSS email"]
[Date "2013.05.01"]
[Round "?"]
[White "Zasinets, Dima"]
[Black "Simmelink, Joop Theo"]
[Result "1/2-1/2"]
[WhiteElo "2126"]
[BlackElo "2315"]
[PlyCount "69"]
[EventDate "2013.05.05"]
[EventType "tourn (corr)"]
[EventRounds "7"]
[EventCountry "GER"]
[SourceTitle "Telechess CBM 167"]
[Source "ChessBase"]
[SourceDate "2015.07.13"]
[SourceVersion "1"]
[SourceVersionDate "2015.07.13"]
[SourceQuality "1"]

1. e4 c5 2. Nf3 d6 3. d4 cxd4 4. Nxd4 Nf6 5. Nc3 g6 6. Be3 Bg7 7. f3 Nc6 8. Qd2 0-0 9. 0-0-0 d5 10. Kb1 Rb8 11. h4 h5 12. g4 e5 13. Nxc6 bxc6 14. gxh5 d4 15. h6 Bh8 16. Bg5 Qd6 17. b3 Qb4 18. Ne2 Qxd2 19. Bxd2 c5 20. c4 Be6 21. Kc2 Nh5 22. Nc1 Kh7 23. Nd3 Rbc8 24. Bh3 Rfe8 25. Bxe6 Rxe6 26. Rhf1 Ra6 27. Kb2 Rc7 28. Bg5 Re6 29. a3 Rcc6 30. Rf2 Re8 31. Rg1 Rec8 32. Rff1 R8c7 33. Rg4 Rc8 34. Rf2 R8c7 35. Bd2 1/2-1/2

[Event "CP-2012-P-00011"]
[Site "LSS email"]
[Date "2012.10.01"]
[Round "?"]
[White "Zasinets, Dima"]
[Black "Kurpnieks, Vairis"]
[Result "1/2-1/2"]
[WhiteElo "2051"]
[BlackElo "2010"]
[PlyCount "84"]
[EventDate "2012.10.05"]
[EventType "tourn (corr)"]
[EventRounds "6"]
[EventCountry "GER"]
[SourceTitle "Telechess CBM 163"]
[Source "ChessBase"]
[SourceDate "2014.11.11"]
[SourceVersion "2"]
[SourceVersionDate "2014.11.11"]
[SourceQuality "1"]

1. d4 Nf6 2. c4 e6 3. Nf3 Bb4+ 4. Nbd2 0-0 5. a3 Be7 6. e4 d6 7. Qc2 Nfd7 8. b4 e5 9. d5 a5 10. Bb2 Nf6 11. Qb3 c6 12. Be2 Nh5 13. g3 axb4 14. axb4 Rxa1+ 15. Bxa1 Nf6 16. 0-0 Bh3 17. Rb1 Ng4 18. c5 cxd5 19. exd5 Nd7 20. Qd3 h6 21. Ne4 f5 22. cxd6 fxe4 23. dxe7 Qxe7 24. Qxe4 Qd6 25. Bc4 Nxf2 26. Kxf2 Bf5 27. Qe1 Bg4 28. Rb3 b5 29. Be2 e4 30. Qd2 Ne5 31. Qb2 Qb6+ 32. Qd4 exf3 33. Bd1 Qxd4+ 34. Bxd4 Nc4 35. Rd3 Ra8 36. Bxf3 Ra2+ 37. Kg1 Bxf3 38. Rxf3 Rd2 39. Bc5 Rxd5 40. Rf8+ Kh7 41. Rb8 Ne5 42. Kf1 Nd3 1/2-1/2

[Event "CP-2012-P-00011"]
[Site "LSS email"]
[Date "2012.10.01"]
[Round "?"]
[White "Zasinets, Dima"]
[Black "Sirotkin, Evgenji"]
[Result "1/2-1/2"]
[WhiteElo "2051"]
[BlackElo "1651"]
[PlyCount "58"]
[EventDate "2012.10.05"]
[EventType "tourn (corr)"]
[EventRounds "6"]
[EventCountry "GER"]
[SourceTitle "Telechess CBM 163"]
[Source "ChessBase"]
[SourceDate "2014.11.11"]
[SourceVersion "2"]
[SourceVersionDate "2014.11.11"]
[SourceQuality "1"]

1. d4 d5 2. c4 e6 3. Nf3 Nf6 4. Nc3 Be7 5. Bf4 0-0 6. e3 Nc6 7. Rc1 Bd6 8. Bxd6 cxd6 9. cxd5 Nxd5 10. Nxd5 exd5 11. Rc3 Bf5 12. Be2 Rc8 13. Qb3 Qd7 14. 0-0 Ne7 15. Rfc1 Rxc3 16. Rxc3 Rc8 17. h3 Rc6 18. g4 Rxc3 19. Qxc3 Be6 20. Qb3 a6 21. Bd1 h6 22. Ne1 g5 23. f3 Kg7 24. Kf2 f5 25. Bc2 Qc7 26. Bd3 Kf6 27. Ng2 Kg7 28. a3 Bd7 29. Kg3 Be6 1/2-1/2

[Event "BI-2011-F-00009"]
[Site "LSS email"]
[Date "2012.02.12"]
[Round "?"]
[White "Nikel, Bogdan"]
[Black "Zasinets, Dima"]
[Result "0-1"]
[WhiteElo "1907"]
[BlackElo "2035"]
[PlyCount "56"]
[EventDate "2012.02.15"]
[EventType "tourn (corr)"]
[EventRounds "10"]
[EventCountry "GER"]
[SourceTitle "Telechess CBM 165"]
[Source "ChessBase"]
[SourceDate "2015.03.11"]
[SourceVersion "1"]
[SourceVersionDate "2015.03.11"]
[SourceQuality "1"]

1. e4 c5 2. Nc3 Nc6 3. Nf3 g6 4. d4 cxd4 5. Nxd4 Bg7 6. Be3 Nf6 7. Nxc6 bxc6 8. e5 Ng8 9. Bd4 Qa5 10. Bc4 Bxe5 11. 0-0 f6 12. Re1 Rb8 13. Bxg8 Rxg8 14. Bxe5 fxe5 15. Rb1 Rf8 16. Re4 Rb4 17. Re2 d6 18. Qc1 Rbf4 19. Rd2 h5 20. Qe1 h4 21. h3 g5 22. f3 g4 23. hxg4 h3 24. gxh3 Rxf3 25. Kg2 Qb6 26. Rd3 Rf2+ 27. Kg3 Ba6 28. Na4 Qc7 0-1

[Event "BI-2011-F-00009"]
[Site "LSS email"]
[Date "2012.02.12"]
[Round "?"]
[White "Schubert, Steffen"]
[Black "Zasinets, Dima"]
[Result "1/2-1/2"]
[WhiteElo "2003"]
[BlackElo "2035"]
[PlyCount "69"]
[EventDate "2012.02.15"]
[EventType "tourn (corr)"]
[EventRounds "10"]
[EventCountry "GER"]
[SourceTitle "Telechess CBM 165"]
[Source "ChessBase"]
[SourceDate "2015.03.11"]
[SourceVersion "1"]
[SourceVersionDate "2015.03.11"]
[SourceQuality "1"]

1. e4 c5 2. Nf3 d6 3. d4 cxd4 4. Nxd4 Nf6 5. Nc3 Nc6 6. Be3 Ng4 7. Bb5 Nxe3 8. fxe3 Bd7 9. 0-0 e6 10. Bxc6 bxc6 11. e5 Be7 12. exd6 Bxd6 13. Qd3 Qc7 14. Ne4 Be7 15. Rad1 Rd8 16. Qc4 0-0 17. b4 Qe5 18. Nf3 Qb5 19. Qxb5 cxb5 20. Ne5 Be8 21. Rxd8 Bxd8 22. Rd1 Bb6 23. Kf2 f6 24. Nd7 Bxd7 25. Rxd7 Rc8 26. c3 f5 27. Nd6 Rxc3 28. Re7 h6 29. Rxe6 f4 30. Nxb5 Rc2+ 31. Kf3 fxe3 32. a3 Rf2+ 33. Kg3 Rd2 34. Kf3 Rf2+ 35. Kg3 1/2-1/2

[Event "BI-2011-F-00009"]
[Site "LSS email"]
[Date "2012.02.12"]
[Round "?"]
[White "Zasinets, Dima"]
[Black "Almeida, Ramiro da Costa"]
[Result "1/2-1/2"]
[WhiteElo "2035"]
[BlackElo "2212"]
[PlyCount "85"]
[EventDate "2012.02.15"]
[EventType "tourn (corr)"]
[EventRounds "10"]
[EventCountry "GER"]
[SourceTitle "Telechess CBM 165"]
[Source "ChessBase"]
[SourceDate "2015.03.11"]
[SourceVersion "1"]
[SourceVersionDate "2015.03.11"]
[SourceQuality "1"]

1. e4 c5 2. Nf3 d6 3. d4 cxd4 4. Nxd4 Nf6 5. Nc3 a6 6. Be3 e6 7. f3 b5 8. Qd2 Nbd7 9. g4 b4 10. Nce2 h6 11. 0-0-0 Qc7 12. h4 d5 13. Bh3 Nb6 14. b3 dxe4 15. Bf4 e3 16. Qd3 e5 17. Qxe3 Bd6 18. Bxe5 Bxe5 19. f4 Nxg4 20. Bxg4 Bxg4 21. Qxe5+ Qxe5 22. fxe5 0-0 23. Rhe1 Rac8 24. Rd2 Nd5 25. Nc6 Rxc6 26. Rxd5 Be6 27. Rd3 Rc5 28. Nd4 a5 29. Nxe6 fxe6 30. Re2 Rf5 31. Rd8+ Kf7 32. Rd7+ Kg8 33. Rd8+ Kf7 34. Rd7+ Kg6 35. Rg2+ Kh5 36. Rdxg7 Rf1+ 37. Kb2 Rxe5 38. Rh7 Ree1 39. c4 e5 40. Kc2 e4 41. Kd2 e3+ 42. Kd3 Rf8 43. Rg5+ 1/2-1/2

[Event "WC-2016-P-00017"]
[Site "LSS email"]
[Date "2012.02.12"]
[Round "?"]
[White "Zasinets, Dima"]
[Black "Bandiera, Aurelio"]
[Result "1-0"]
[WhiteElo "2038"]
[BlackElo "2163"]
[PlyCount "119"]
[EventDate "2012.02.15"]
[EventType "tourn (corr)"]
[EventRounds "12"]
[EventCountry "GER"]
[SourceTitle "Telechess CBM 159"]
[Source "ChessBase"]
[SourceDate "2014.03.17"]
[SourceVersion "1"]
[SourceVersionDate "2014.03.17"]
[SourceQuality "1"]

1. e4 e6 2. d4 d5 3. Nc3 Bb4 4. e5 c5 5. a3 Bxc3+ 6. bxc3 Ne7 7. Qg4 Qc7 8. Qxg7 Rg8 9. Qxh7 cxd4 10. Ne2 Nbc6 11. f4 dxc3 12. Qd3 Nf5 13. Qxc3 d4 14. Qd3 b6 15. Rg1 Qe7 16. Bd2 a5 17. Ng3 Nxg3 18. hxg3 Ba6 19. c4 Qc5 20. Rh1 Ne7 21. Kf2 Rc8 22. Rc1 Nf5 23. Rh3 Bb7 24. Be2 Ne7 25. g4 Kf8 26. g5 Rc7 27. Rb1 Ba6 28. Qb3 d3+ 29. Be3 Qxc4 30. Qxc4 Bxc4 31. Bxb6 Rb7 32. Bf3 Rb8 33. Be4 d2 34. Rhh1 Ba2 35. Rb2 Bd5 36. Bc2 Ng6 37. Bxg6 fxg6 38. Rd1 Kf7 39. Rdxd2 a4 40. Rd4 Ra8 41. Bc5 Rgc8 42. Rb5 Bc6 43. Rb6 Rab8 44. Rc4 Rxb6 45. Bxb6 Ke8 46. Bd4 Bd7 47. Bc5 Bc6 48. Bd6 Bd7 49. Rb4 Rc2+ 50. Ke3 Rc3+ 51. Kd4 Rb3 52. Rxb3 axb3 53. Kc3 Ba4 54. Bc5 Bb5 55. Kxb3 Bf1 56. g3 Kd7 57. Kb4 Bh3 58. Kb5 Kc7 59. Bf2 Bf5 60. a4 1-0

[Event "BI-2011-F-00009"]
[Site "LSS email"]
[Date "2012.02.12"]
[Round "?"]
[White "Zasinets, Dima"]
[Black "Lehnberger, Karl"]
[Result "1/2-1/2"]
[WhiteElo "2035"]
[BlackElo "2103"]
[PlyCount "93"]
[EventDate "2012.02.15"]
[EventType "tourn (corr)"]
[EventRounds "10"]
[EventCountry "GER"]
[SourceTitle "Telechess CBM 165"]
[Source "ChessBase"]
[SourceDate "2015.03.11"]
[SourceVersion "1"]
[SourceVersionDate "2015.03.11"]
[SourceQuality "1"]

1. e4 c6 2. d4 d5 3. e5 c5 4. Nf3 cxd4 5. Nxd4 Nc6 6. c4 Nxe5 7. cxd5 a6 8. Qa4+ Bd7 9. Qb3 Qc7 10. Nc3 Nf6 11. Be2 g6 12. f4 Neg4 13. h3 Qc5 14. Qc4 Qxc4 15. Bxc4 Nh6 16. g4 Bg7 17. Be3 Nhg8 18. Bb3 Rc8 19. Nf3 e6 20. d6 Bc6 21. 0-0 Nd7 22. f5 gxf5 23. gxf5 e5 24. Ng5 Nh6 25. Nd5 Nf6 26. Ne7 Rd8 27. Rfd1 Bf8 28. Nxc6 bxc6 29. Rac1 Bxd6 30. Rxc6 Ke7 31. Bc2 Rd7 32. b4 e4 33. Nxe4 Nxf5 34. Bg5 Rg8 35. Re1 Kd8 36. h4 Re7 37. Rxa6 h6 38. Ra8+ Kc7 39. Rxg8 hxg5 40. Ra8 Nxh4 41. Ra7+ Kb6 42. Rxe7 Bxe7 43. Nxf6 Nf3+ 44. Kf2 Nxe1 45. Nd5+ Kb5 46. Kxe1 Bxb4+ 47. Nxb4 1/2-1/2

[Event "CP-2010-Q-00010"]
[Site "LSS email"]
[Date "2012.01.15"]
[Round "?"]
[White "Zasinets, Dima"]
[Black "Malichev, Ivan"]
[Result "1/2-1/2"]
[WhiteElo "2038"]
[BlackElo "2090"]
[PlyCount "54"]
[EventDate "2012.01.20"]
[EventType "tourn (corr)"]
[EventRounds "6"]
[EventCountry "GER"]
[SourceTitle "Telechess CBM 159"]
[Source "ChessBase"]
[SourceDate "2014.03.17"]
[SourceVersion "1"]
[SourceVersionDate "2014.03.17"]
[SourceQuality "1"]

1. d4 Nf6 2. c4 e6 3. Nc3 Bb4 4. Nf3 b6 5. Qc2 Bb7 6. a3 Bxc3+ 7. Qxc3 0-0 8. Bg5 d6 9. Nd2 Nbd7 10. f3 h6 11. Bh4 c5 12. e4 Rc8 13. Bd3 cxd4 14. Qxd4 Nc5 15. Bc2 e5 16. Qf2 Ne6 17. 0-0 g5 18. Bg3 Nh5 19. Rac1 Nxg3 20. hxg3 h5 21. Rfd1 g4 22. fxg4 hxg4 23. Qf5 Qg5 24. Qxg5+ Nxg5 25. Bd3 Kg7 26. Kf2 Rh8 27. Rh1 Rxh1 1/2-1/2